000 00383nam a2200121Ia 4500
008 220620s9999||||xx |||||||||||||| ||und||
245 2 _aA Compendium of Essays on Alternative Therapy
546 _aEnglish[eng]
650 _aComplementary medicine
700 _aBhattacharya, Arup
856 _uhttps://mts.intechopen.com/storage/books/542/authors_book/authors_book.pdf
942 _cEB
999 _c26853
_d26853